IInfluencia del porcentaje de finos en el fenómeno de licuación de arenas
Gorde:
| Egile nagusia: | |
|---|---|
| Formatua: | Tesis Liburua |
| Argitaratua: |
[San José, Costa Rica]
2010
|
| Gaiak: | |
| Etiketak: |
Etiketa erantsi
Etiketarik gabe, Izan zaitez lehena erregistro honi etiketa jartzen!
|
MARC
| LEADER | 00000nam a2200000Ia 4500 | ||
|---|---|---|---|
| 003 | 010227 | ||
| 005 | 20221231144032.0 | ||
| 008 | 140114s2010 cr a 000 ||s d | ||
| 040 | |c cru CEDI | ||
| 090 | |a TFG 6281 | ||
| 100 | |a Hernández Camacho, Isaac Alberto |9 2772 | ||
| 245 | |a IInfluencia del porcentaje de finos en el fenómeno de licuación de arenas | ||
| 260 | |c 2010 |b [San José, Costa Rica] | ||
| 500 | |a Proyecto de graduación (licenciatura en ingeniería civil)--Universidad de Costa Rica. Facultad de Ingeniería. Escuela de Ingeniería Civil | ||
| 502 | |a Escuela de ingenieria Civil | ||
| 650 | |x SUELOS ARENOSOS |x ANALISIS |x PRUEBAS |x LICUEFACCION DE SUELOS |x INVESTIGACIONES |x ENSAYOS DE VIBRACION |x ENSAYOS TRIAXIALES |x TERREMOTOS |x ANALISIS ESTRUCTURAL (INGENIERIA) |9 2773 | ||
| 942 | |c TFG | ||
| 999 | |c 15923 |d 15923 | ||
